| 000 | 00798cam a22002413a 4500 | ||
|---|---|---|---|
| 001 | 882 | ||
| 003 | PGUSA | ||
| 005 | 20140828082954.0 | ||
| 008 | 970401s1997||||xxu|||||s|||||000 1 eng d | ||
| 040 |
_aPGUSA _beng |
||
| 042 | _adc | ||
| 050 | 4 | _aPR | |
| 100 | 1 |
_aDickens, Charles, _d1812-1870 |
|
| 245 | 1 | 0 |
_aSketches by Boz, Illustrative of Every-Day Life and Every-Day People _h[electronic resource] / _cCharles Dickens |
| 260 |
_bProject Gutenberg, _c1997 |
||
| 506 | _aPublic domain in the USA. | ||
| 516 | _aElectronic text | ||
| 653 | _aLondon (England) -- Social life and customs -- 19th century | ||
| 653 | _aLondon (England) -- Social life and customs -- 19th century -- Fiction | ||
| 830 | 0 |
_aProject Gutenberg _v882 |
|
| 856 | 4 | 0 | _uhttp://www.gutenberg.org/ebooks/882 |
| 942 | _cEB | ||
| 999 |
_c230233 _d230233 |
||